000 00624cab a2200229 4500
001 WB3228-17
008 090401t1996 xxu||||| |||| 00| 0 eng d
035 _a(Sirsi) u56401
041 _aeng
245 _aEconomic indicators
260 _c1996
350 _a0
490 _aOffice for National Statistics First Release
_v9 July 1996, (6)
520 _aCyclical indicators of the UK economy to 8 July 1996.
650 _aECONOMIC INDICATORS
650 _aLONGER LEADING INDEX
650 _aSHORTER LEADING INDEX
650 _aSTATISTICS
690 _aECONOMIC AND SOCIAL
942 _n0
948 _c04/03/1997
999 _c34393
_d34393